Évolution logo GTA - Clic Quiz - Statistiques

Statistiques générales
  • Ce quiz a été pris 269 fois
    268 depuis la dernière actualisation
  • Le résultat moyen est 3 sur 5
Statistiques - réponses
Hint Réponse % Correct
1997 - 1999
79%
2013 - présent
62%
1999 - 2001
48%
2008 - 2013
48%
2001 - 2008
41%
Aucun quiz correspondant
Distribution des résultats
% des personnes avec chaque résultat
Percentile par nombre de réponses
Votre historique - résultats
Vous n’avez pas pris ce quiz depuis la dernière actualisation